000
00269nam a2200097Ia 4500
001
1223711
005
20250827092912.0
008
250824s9999 xx 000 0 und d
245
0
_a
SÜPER GÖKYÜZÜ YOK DAHA NELER
_c
ASENA MERİÇ
260
_b
YEDİVEREN ÇOCUK YAYINLARI
999
_c
1223711
_d
1223711